The Agra double murder : (Record no. 151881)

MARC details
000 -LEADER
fixed length control field 00560nam a22001817a 4500
005 - DATE AND TIME OF LATEST TRANSACTION
control field 20180504110600.0
010 ## - LCCN (DPL NO)
LC control number ENG-122883
020 ## - INTERNATIONAL STANDARD BOOK NUMBER
International Standard Book Number 9789386582898
Terms of availability 250.00
035 ## - SYSTEM CONTROL NUMBER
System control number EN-106415
037 ## - SOURCE OF ACQUISITION
Source of stock number/acquisition DBAD/PUB
082 ## - DEWEY DECIMAL CLASSIFICATION NUMBER
Classification number 345.02523
100 ## - MAIN ENTRY--PERSONAL NAME
Personal name Walsh, Cecil
245 ## - TITLE STATEMENT
Title The Agra double murder :
Statement of responsibility, etc by Cecil Walsh
Remainder of title a crime of passion from the raj /
260 ## - PUBLICATION, DISTRIBUTION, ETC. (IMPRINT)
Place of publication, distribution, etc New Delhi
Name of publisher, distributor, etc Speaking Tiger
Date of publication, distribution, etc 2017
270 ## - ADDRESS
Address 4381/4, Ansari Road, Daryaganj,
City New Delhi
Postal code 110002
300 ## - PHYSICAL DESCRIPTION
Extent 165p.
Dimensions 21cm(pbk)
942 ## - ADDED ENTRY ELEMENTS (KOHA)
Source of classification or shelving scheme Dewey Decimal Classification
Item type English Books
Call number suffix WAL
Classification part 345.02523
Holdings
Withdrawn status Lost status Not for loan Collection code Home library Current library Date acquired Source of acquisition Cost, normal purchase price Full call number Barcode Copy number Cost, replacement price Koha item type
    Not For Loan Non-fiction D.B.Act.Division Patel Nagar 04/05/2018 DBAD/PUB 250.00 345.02523 WAL EN-106415 1 250.00 English Books

© Delhi Public Library
Hit Counter
free hit counter